Etica nicomaquea

Guardat en:
Dades bibliogràfiques
Autor principal: Aristóteles, 384 a.C.- 322 a.C (Autor)
Format: Llibre
Idioma:espanyol
Publicat: Buenos Aires Losada 2004
Edició:1a. ed
Col·lecció:Biblioteca de Obras Maestras del Pensamiento
Matèries:
Etiquetes: Afegir etiqueta
Sense etiquetes, Sigues el primer a etiquetar aquest registre!

MARC

LEADER 00000cam a2200000 a 4500
001 UCH7364
003 CL-VaPUC
008 091112e20040000AG |||||||||||||||||spa|d
020 |a 9789500392983 
082 0 4 |a 185  |b ARI  |2 21 
100 |a Aristóteles,  |d 384 a.C.- 322 a.C.  |e author  |9 194 
245 1 0 |a Etica nicomaquea 
250 |a 1a. ed 
300 |a 410 p 
942 |c BK 
945 |d 20091112 00:00:00  |a rbrito 
260 |a Buenos Aires  |b Losada  |c 2004 
650 0 |a Aristotelismo  |9 347069 
650 0 |a Filosofía griega  |9 265579 
583 |a last modification  |c 20121008 06:44:26  |k Rodrigo Vera 
490 0 |a Biblioteca de Obras Maestras del Pensamiento 
999 |c 338010  |d 338008 
952 |0 0  |1 2  |4 0  |6 185_000000000000000_ARI_2004  |7 0  |8 A  |9 430788  |a BIBGIM  |b BIBGIM  |d 2019-11-22  |i 4616529  |o 185 ARI 2004  |p 4616529  |r 2019-11-22  |w 2019-11-22  |y BK  |k MTS 
952 |0 0  |1 2  |4 0  |6 185_000000000000000_ARI_2004  |7 0  |8 A  |9 430789  |a BIBGIM  |b BIBGIM  |d 2019-11-22  |i 4616537  |o 185 ARI 2004  |p 4616537  |r 2019-11-22  |w 2019-11-22  |y BK  |k MTS